[Event "Mitropa Cup (Women)"]
[Site "Mali Losinj"]
[Date "2023.04.11"]
[Round "1.4"]
[White "Skuhala, Barbara"]
[Black "Sevcikova, Lucia"]
[Result "1/2-1/2"]
[WhiteElo "2153"]
[BlackElo "1967"]
[PlyCount "122"]
[EventDate "2023.04.11"]
[EventType "team-tourn"]
[EventRounds "9"]
[EventCountry "CRO"]
[SourceTitle "CBM 213 Extra"]
[Source "ChessBase"]
[SourceDate "2023.05.31"]
[SourceVersion "1"]
[SourceVersionDate "2023.05.31"]
[SourceQuality "1"]
[WhiteTeam "Slovenia (W)"]
[BlackTeam "Slovakia (W)"]
[WhiteTeamCountry "SLO"]
[BlackTeamCountry "SVK"]

1. e4 e6 2. d4 d5 3. Nc3 Nf6 4. Bg5 Be7 5. e5 Nfd7 6. h4 h6 7. Bxe7 Qxe7 8. Qd2 a6 9. f4 c5 10. Nf3 Nc6 11. dxc5 Nxc5 12. Nd4 Bd7 13. 0-0-0 b5 14. g4 b4 15. Nce2 Na5 16. Ng3 Na4 17. Nh5 Qc5 18. Rh3 Bb5 19. Nxg7+ Ke7 20. Nb3 Nxb3+ 21. axb3 Nb6 22. f5 a5 23. Bxb5 Qxb5 24. Qd3 Qxd3 25. Rdxd3 Nd7 26. f6+ Kf8 27. Rde3 Nc5 28. Kb1 Ne4 29. c4 a4 30. bxa4 Nd2+ 31. Kc2 Nxc4 32. Re2 Rxa4 33. Kb3 Ra1 34. Rg3 Rh1 35. h5 Rf1 36. Kxb4 Nxe5 37. Rxe5 Rxf6 38. Nf5 exf5 39. gxf5 Rb6+ 40. Kc3 d4+ 41. Kc2 Rg8 42. Rxg8+ Kxg8 43. Rd5 Rb4 44. f6 Rb6 45. Rd8+ Kh7 46. Rxd4 Rxf6 47. Rd5 Rb6 48. Kc3 Kg7 49. b4 Kf6 50. b5 Ke6 51. Rc5 f5 52. Kd4 Rd6+ 53. Ke3 Rd1 54. Rc6+ Ke5 55. Rxh6 f4+ 56. Ke2 Rb1 57. b6 Rb2+ 58. Kd1 f3 59. Ke1 f2+ 60. Kf1 Kf4 61. Rf6+ Kg5 1/2-1/2

[Event "SVK-chT1E 2223"]
[Site "Slovakia"]
[Date "2023.03.12"]
[Round "11.5"]
[White "Sorkovsky, Miroslav"]
[Black "Sevcikova, Lucia"]
[Result "1/2-1/2"]
[WhiteElo "2163"]
[BlackElo "1983"]
[PlyCount "29"]
[EventDate "2022.10.15"]
[EventType "team-tourn"]
[EventRounds "11"]
[EventCountry "SVK"]
[SourceTitle "EXT 2024"]
[Source "ChessBase"]
[SourceDate "2023.10.10"]
[SourceVersion "1"]
[SourceVersionDate "2023.10.10"]
[SourceQuality "1"]
[WhiteTeam "Banska Bystrica Junior"]
[BlackTeam "Dunajov Martin"]
[WhiteTeamCountry "SVK"]
[BlackTeamCountry "SVK"]

1. d4 d5 2. c4 c6 3. Nc3 Nf6 4. e3 e6 5. Nf3 Bd6 6. b3 Nbd7 7. Bb2 0-0 8. Be2 b6 9. 0-0 Bb7 10. Rc1 Rc8 11. Qd3 c5 12. cxd5 exd5 13. dxc5 bxc5 14. Rfd1 Qe7 15. h3 1/2-1/2

[Event "SVK-chT1E 2223"]
[Site "Slovakia"]
[Date "2023.03.11"]
[Round "10.5"]
[White "Sevcikova, Lucia"]
[Black "Sankova, Stella"]
[Result "1/2-1/2"]
[WhiteElo "1983"]
[BlackElo "2074"]
[PlyCount "20"]
[EventDate "2022.10.15"]
[EventType "team-tourn"]
[EventRounds "11"]
[EventCountry "SVK"]
[SourceTitle "EXT 2024"]
[Source "ChessBase"]
[SourceDate "2023.10.10"]
[SourceVersion "1"]
[SourceVersionDate "2023.10.10"]
[SourceQuality "1"]
[WhiteTeam "Dunajov Martin"]
[BlackTeam "Zvolen Slavia"]
[WhiteTeamCountry "SVK"]
[BlackTeamCountry "SVK"]

1. d4 Nf6 2. c4 e6 3. Nc3 Bb4 4. e3 0-0 5. Bd3 Re8 6. Nf3 d5 7. Qc2 Nbd7 8. a3 Bf8 9. b4 a5 10. b5 c5 1/2-1/2

[Event "Hoogeveen op 25th"]
[Site "Hoogeveen"]
[Date "2022.10.20"]
[Round "7"]
[White "Sevcikova, Lucia"]
[Black "Kotyk, Michael"]
[Result "1/2-1/2"]
[WhiteElo "1931"]
[BlackElo "2105"]
[PlyCount "41"]
[EventDate "2022.10.15"]
[EventType "swiss"]
[EventRounds "9"]
[EventCountry "NED"]
[SourceTitle "CBM 210 Extra"]
[Source "ChessBase"]
[SourceDate "2022.11.30"]
[SourceVersion "1"]
[SourceVersionDate "2022.11.30"]
[SourceQuality "1"]

1. d4 Nf6 2. c4 e6 3. Nc3 Bb4 4. Nf3 0-0 5. Bg5 h6 6. Bh4 d6 7. a3 Bxc3+ 8. bxc3 Nbd7 9. e3 Qe7 10. Bd3 e5 11. Nd2 b6 12. 0-0 Bb7 13. Re1 g5 14. Bg3 e4 15. Bc2 Ne8 16. f4 Ng7 17. h3 Nf6 18. Bh2 Rae8 19. g4 Nd7 20. f5 h5 21. Kg2 1/2-1/2

[Event "Wch U18 Girls"]
[Site "Mamaia"]
[Date "2022.09.07"]
[Round "2"]
[White "Khachatryan, Veronika"]
[Black "Sevcikova, Lucia"]
[Result "1/2-1/2"]
[WhiteElo "1933"]
[BlackElo "2058"]
[PlyCount "62"]
[EventDate "2022.09.06"]
[EventType "swiss"]
[EventRounds "11"]
[EventCountry "ROU"]
[SourceTitle "CBM 210 Extra"]
[Source "ChessBase"]
[SourceDate "2022.11.30"]
[SourceVersion "1"]
[SourceVersionDate "2022.11.30"]
[SourceQuality "1"]

1. d4 d5 2. c4 c6 3. Nc3 Nf6 4. Nf3 e6 5. g3 Nbd7 6. Bg2 dxc4 7. a4 Bb4 8. Nd2 Nb6 9. a5 Nbd5 10. Qa4 0-0 11. e4 Nxc3 12. Qxb4 Nb5 13. e5 Ng4 14. Nf3 Nxd4 15. Qc3 Nb3 16. Bg5 Qd5 17. Rd1 Qxa5 18. Qxa5 Nxa5 19. Rd4 Nxe5 20. Nxe5 f6 21. Bf4 fxe5 22. Bxe5 b6 23. 0-0 Bb7 24. Rd7 Rf7 25. Rfd1 Re8 26. Be4 g6 27. Rd8 Ref8 28. R1d7 Rxd7 29. Rxd7 Rf7 30. Rd8+ Rf8 31. Rd7 Rf7 1/2-1/2